Krátce a dobře polka /

Hlavní autor: Munsonius, Heinz
Další autoři: Jungherr, Hans
Jazyk: Nelze použít, není lingvistický obsah
Vydáno: Praha : Boháč, [1946?]
Edice: Harmonika
Fyzický popis: 3 s.
Hudebniny Hudebniny
Uloženo v:
LEADER 00781ncm a22002412a 4500
001 001230349
003 CZ BrMZK
005 20120713094948.0
007 qu
008 120713s1946 xr |||||||||||||||||zxx d
040 |a BOA001  |b cze 
072 7 |a 786  |x Hudba pro klávesové nástroje  |2 Konspekt  |9 9 
100 1 |a Munsonius, Heinz  |7 xx0020278  |4 cmp 
245 1 0 |a Krátce a dobře  |h [hudebnina] :  |b polka /  |c Heinz Munsonius ; pro harmoniku upravil Hans Jungherr 
260 |a Praha :  |b Boháč,  |c [1946?] 
300 |a 3 s. 
490 1 |a Harmonika ;  |v 57 
700 1 |a Jungherr, Hans  |7 xx0020279  |4 arr 
830 0 |a Harmonika 
910 |a BOA001  |b Mus4-0577.436 
990 |a MU 
991 |b 201207 
996 6 |b 2619099731  |c Mus4-0577.436  |l MZK  |r Sklad / do 1 hodiny  |n 0  |w 001264187  |u 000010  |a 1  |e BOA001  |j MZK50  |s P